Céges rendezvények szervezésének általános folyamatai egy rendezvény bemutatásán keresztül

Bibliográfiai részletek
Szerző: Wachtl Fanni
További közreműködők: Remenyik Dr. Bulcsú
Dokumentumtípus: Projektmunka
Kulcsszavak:Rendezvényszervezés
általános folyamatok
reprezentáció
Online Access:http://dolgozattar.uni-bge.hu/17368

MARC

LEADER 00000nnm a2200000 i 4500
001 dolg17368
005 20180925144521.0
008 180518suuuu hu o 000 hun d
040 |a BGE Dolgozattár Repozitórium  |b hun 
041 |a hu 
100 1 |a Wachtl Fanni 
245 1 0 |a Céges rendezvények szervezésének általános folyamatai egy rendezvény bemutatásán keresztül  |c Wachtl Fanni  |h [elektronikus dokumentum] 
246 1 1 |a Céges rendezvények szervezésének általános folyamatai, egy rendezvény bemutatásán keresztül 
516 |a Project_work 
695 |a Rendezvényszervezés 
695 |a általános folyamatok 
695 |a reprezentáció 
700 1 |a Remenyik Dr. Bulcsú  |e ths 
856 4 0 |u http://dolgozattar.uni-bge.hu/17368/1/PROJEKTMUNKA%20Wachtl%20Fanni.pdf  |z Dokumentum-elérés 
856 4 0 |u http://dolgozattar.uni-bge.hu/17368/2/Titkos%C3%ADt%C3%A1si%20k%C3%A9relem.pdf  |z Dokumentum-elérés